Statistics for Things that are Yellow

Click here to take the quiz!

General Stats

  • This quiz has been taken 98,640 times
    (18,603 since last reset)
  • The average score is 11 of 19

Answer Stats

ClueAnswer% Correct
The world's first National ParkYellowstone
96%
Business telephone directoryYellow Pages
91%
Two of these can get you
ejected in soccer
Yellow Card
91%
Tropical diseaseYellow Fever
90%
What Dorothy followedYellow Brick Road
87%
Nautical song sung by Ringo StarrYellow Submarine
82%
Tells drivers to accelerate?Yellow Light
78%
Signals caution at an auto raceYellow Flag
75%
It's "itsy bitsy" and
"teenie weenie"
Yellow Polka
Dot Bikini
65%
Type of waspYellowjacket
64%
The Tour de France leader wears itYellow Jersey
52%
Also known as the Huang HeYellow River
52%
Lily livered?Yellow Bellied
41%
Sign of Gulf War supportYellow Ribbon
40%
Sensationalist news writingYellow Journalism
31%
Northwest Territories capitalYellowknife
29%
Joni Mitchell song /
"They paved paradise"
Big Yellow Taxi
29%
Two roads diverged in a …Yellow Wood
24%
Type of uranium powderYellowcake
23%

Score Distribution

Percentile by Number Answered

Percent of People with Each Score

Your Score History

You have not taken this quiz since the last reset